monarchie constit + radicalisation + directoire - Statistiques

Statistiques générales
  • Ce quiz a été pris 10 fois
  • Le résultat moyen est 2 sur 10
Statistiques - réponses
indice réponse % Correct
Constitution de l’An I = jamais appliqué 24 juin 1793
100%
Proclamation de la Constitution de 1791 3 septembre1789
100%
Serment du jeu de paum 20 juin 1789
67%
Constitution civile du clergé 12 juillet 1790
50%
Proclamation de l’Assemblée nationale 17 juin 1789
50%
Mort de Robespierre 27 juillet 1794
50%
22 août 1795 - 9 novembre 1799 Le directoire (Quête de la stabilité de la république)
50%
3 septembre 1789 - 10 août 1792 LA LEGISLATIVE : monarchie constitutionnelle
40%
20 juin 1789 Serment du jeu de paum
25%
Prise des Tuileries = chute de la monarchie constitutionnell 10 août 1792
0%
La radicalisation de la révolution : Période jacobine ( période ) 10 août 1792 -27 juillet 1794
0%
La constituante ( période ) 17 juin 1789 - 3 septembre 1791
0%
Fuite du Roi 20 et 21 juin 1791
0%
Election de la Convention Nationale au suffrage universelle 20 septembre 1792
0%
Phase Girondine ( de La radicalisation de la révolution ) ( période ) 20 septembre 1792 - 2 juin 1793
0%
Mort de Louis XVI sur l’échafaud 21 janvier 1793
0%
Constitution de l’An III 22 août 1795
0%
Le directoire (Quête de la stabilité de la république) ( Période ) 22 août 1795 - 9 novembre 1799
0%
Séance royale 23 juin 1789
0%
Gouvernement révolutionnaire ( de La radicalisation de la révolution ) ( période ) 24 juin 1793 -27 juillet 1794
0%
Déclaration des droits de l’homme et du citoyen 26 août 1789
0%
Régime de la convention thermidorienne (Quête de la stabilité de la république) ( Période ) 27 juillet 1794 - 22 août 1795
0%
Quête de la stabilité de la république ( Période ) 27 juillet 1794 - 9 novembre 1799
0%
Phase montagnarde ( de La radicalisation de la révolution ) ( période ) 2 juin 1793 - 27 juillet 1794
0%
LA LEGISLATIVE : monarchie constitutionnelle ( période ) 3 septembre 1789 - 10 août 1992
0%
Coup d’Etat de Napoléon 9 novembre 1799
0%
12 juillet 1790 Constitution civile du clergé
0%
22 août 1795 Constitution de l’An III
0%
24 juin 1793 Constitution de l’An I = jamais appliqué
0%
9 novembre 1799 Coup d’Etat de Napoléon
0%
26 août 1789 Déclaration des droits de l’homme et du citoyen
0%
20 septembre 1792 Election de la Convention Nationale au suffrage universelle
0%
20 et 21 juin 1791 Fuite du Roi
0%
24 juin 1793 - 27 juillet 1794 Gouvernement révolutionnaire ( de La radicalisation de la révolution )
0%
17 juin 1789 - 3 septembre 1791 La constituante
0%
10 août 1792 - 27 juillet 1794 La radicalisation de la révolution : Période jacobine
0%
21 janvier 1793 Mort de Louis XVI sur l’échafaud
0%
27 juillet 1794 Mort de Robespierre
0%
20 septembre 1792 - 2 juin 1793 Phase Girondine ( de La radicalisation de la révolution )
0%
2 juin 1793 - 27 juillet 1794 Phase montagnarde ( de La radicalisation de la révolution )
0%
10 août 1792 Prise des Tuileries = chute de la monarchie constitutionnelle
0%
3 septembre 1789 Proclamation de la Constitution de 1791
0%
17 juin 1789 Proclamation de l’Assemblée nationale
0%
27 juillet 1794 - 9 novembre 1799 Quête de la stabilité de la république
0%
27 juillet 1794 - 22 août 1795 Régime de la convention thermidorienne (Quête de la stabilité de la république)
0%
23 juin 1789 Séance royale
0%
Aucun quiz correspondant
Distribution des résultats
% des personnes avec chaque résultat
Percentile par nombre de réponses
Votre historique - résultats
Vous n’avez pas pris ce quiz